1715 1574 1084 1473 1228 1769 1796 1993 1980 1852 1966 1545 1104 1564 1692 1835 1503 1461 1235 1873 1149 1863 1028 1649 1536 1970 1778 1084 1787 1034 1428 1886 1276 1519 1280 1976 1032 1374 1694 1070 1525 1731 1555 1185 1464 1821 1088 1824 1053 1877 1735 1763 1691 1830 1161 1614 1941 1990 1161 1838 1394 1518 1365 1847 1685 1751 1576 1187 1651 1651 1918 1498 1611 1353 1662 1397 1850 1538 1257 1632 1108 1361 1898 1950 1565 1360 1865 1340 1346 1247 1886 1064 1559 1949 1988 1758 1965 1779 1667 BCNSPRNW ULIB Ver.6.0+V

เปลี่ยนเป็นภาษาไทย

Change to English
 แสดงรายละเอียดบรรณานุกรม
  กลับหน้าหลัก

Brief Record : Get Marc (ISO 2709) : E-mail record : QR code < ปิดหน้าต่าง
LEADER : 00000nam 2200000uu 4500
001    13399111606
003     ULIB
008    110627s2551||||th 000 0 tha d
060  4 WM100^bภ636ภ 2551
100 0  ภุมรินทร์ อินชัวนีและคณะ
245 00 ภาวะสุขภาพจิตของนักศึกษาพยาบาลศาสตร์ ชั้นปีที่ 1 วิทยาลัยพยาบาลบรมราชชนนี พุทธชินราช Mental Henlth of First year Nursing Students, Boromarajonani College of Nursing, Buddhachinaraj/^ภุมรินทร์ อินชัวนีและคณะ
250    พิมพ์ครั้งที่ 1
260    พิษณุโลก :^bวิทยาลัยพยาบาลบรมราชชนนี พุทธชินราช,^c2551
300    52 หน้า
650  7 สุขภาพจิต
650  7 นักศึกษาพยาบาล
650  7 วิทยาลัยพยาบาลบรมราชชนนี พุทธชินราช
945    ^p0^l0^i023513
995    ทศพร
999 ^a ใช้งานได้ทุกระบบ
รายการนี้ยังไม่มีแท็ก
คุณยังไม่ได้ล็อกอิน คุณสามารถมีกิจกรรมร่วมกับเว็บไซต์ได้ แต่ต้องล็อกอินก่อน ::
  ล็อกอิน

รายการสื่อสารสนเทศ

ลำดับที่ ประเภท เลขเรียก/บาร์โค้ด สถานที่ สถานะ
- ไม่พบข้อมูล -

รายการใกล้เคียง
    หัวเรื่อง [สุขภาพจิต]
    หัวเรื่อง [นักศึกษาพยาบาล]
    หัวเรื่อง [วิทยาลัยพยาบาลบรมราชชนนี พุทธชินราช]

BibComment


ยังไม่เคยถูกคอมเมนท์

คอมเมนท์ทรัพยากรรายการนี้
  คอมเมนท์: ภาวะสุขภาพจิตของน..


 Copyright 2026. Bcnsprnw @Library